000 00985cam a2200205 4500
001 ABS62249
008 000000n2000 000 0 eng u
035 _a(Sirsi) u105911
100 _aMessenger, R.
245 _aProgramming and participation
260 _c2000
490 _aIRRV Insight
_vApril 2000, 15(1)
520 _aFrom April 2000 the VOA will publicise local rolling two-year programmes for dealing with appeals against assessment. Programming will be directed by guidelines and code of practice. A programme will identify when all post-1 April 2000 proposals are to be considered and will reflect all properties within a VO area including specialist properties. A structure has been put in place through IRRV branches to act as consultative bodies through which all representations will be heard.
590 _aABS
650 _aRATING REVALUATION 2000
650 _aRATING APPEALS
650 _aPROGRAMMING
690 _aRATING AND LOCAL TAXATION
942 _n0
999 _c63420
_d63420